[Event "XXVI. Rhein-Main-Open, Gruppe B"]
[Site "Bad Homburg vor der Höhe"]
[Date "2024.05.30"]
[Round "4"]
[White "Leopold, Dieter"]
[Black "Kovacs, Adam"]
[Result "1-0"]
[WhiteElo "1844"]
[BlackElo "1421"]
[PlyCount "83"]
[EventDate "2024.??.??"]
[WhiteTeam "SK Königsspringer Wewels"]
[BlackTeam "SK Gründau"]

1. e4 e6 2. d4 d5 3. Nd2 Nf6 4. e5 Nfd7 5. Bd3 c5 6. c3 Nc6 7. Ne2 cxd4 8. cxd4 f6 9. exf6 Nxf6 10. Nf3 Bd6 11. O-O O-O 12. Bf4 Bxf4 13. Nxf4 Qc7 14. g3 e5 15. Nxe5 Nxe5 16. dxe5 Qxe5 17. Qc2 Bg4 18. Rae1 Qd6 19. f3 Bd7 20. h4 Rac8 21. Qf2 Ne8 22. Rd1 Rf6 23. Nxd5 Rf7 24. Nf4 Qh6 25. Qd4 Kh8 26. Rfe1 a6 27. Rc1 Bc6 28. Bc4 Rd7 29. Qe3 Rd6 30. Qe7 Rf6 31. Bd5 Nd6 32. Bxc6 bxc6 33. Re6 Rxe6 34. Qxe6 Qxe6 35. Nxe6 Kg8 36. Kf2 Kf7 37. Nc5 a5 38. Rc2 Nb5 39. Rd2 Kf6 40. Ke3 Ke5 41. g4 Nd6 42. f4+ 1-0

[Event "XXVI. Rhein-Main-Open, Gruppe B"]
[Site "Bad Homburg vor der Höhe"]
[Date "2024.05.30"]
[Round "4"]
[White "Li, Leo Jiayi"]
[Black "Vasudevan, Ananya"]
[Result "1/2-1/2"]
[WhiteElo "1151"]
[BlackElo "1244"]
[PlyCount "151"]
[EventDate "2024.??.??"]
[WhiteTeam "SV Oberursel"]
[BlackTeam "SK Langen"]

1. e4 g6 2. Nf3 Bg7 3. Bc4 Nc6 4. Ng5 Ne5 5. Bb3 d6 6. d4 h6 7. dxe5 hxg5 8. exd6 exd6 9. Qf3 Nh6 10. Nc3 Bg4 11. Qe3 Bf6 12. f3 Bd7 13. Nd5 g4 14. Nxf6+ Qxf6 15. Qg5 Qxg5 16. Bxg5 Ng8 17. O-O-O gxf3 18. gxf3 f6 19. Bxg8 Rxg8 20. Bxf6 Rf8 21. e5 dxe5 22. Bxe5 O-O-O 23. f4 Bf5 24. Rxd8+ Rxd8 25. Rd1 Re8 26. c3 g5 27. Rd5 Be6 28. Ra5 gxf4 29. Bxf4 a6 30. Re5 Kd7 31. a3 Bb3 32. Rxe8 Kxe8 33. Bxc7 Kd7 34. Ba5 Kc6 35. Kd2 Kd5 36. h4 Ke5 37. Kd3 Kd6 38. Kd4 Ba2 39. c4 Bb1 40. c5+ Kc6 41. Bd2 b6 42. cxb6 Kxb6 43. b4 Kb5 44. Bc1 a5 45. bxa5 Kxa5 46. h5 Kb5 47. Ke5 Ka4 48. Kf6 Kb5 49. Kg7 Ka5 50. h6 Ka4 51. h7 Bxh7 52. Kxh7 Kb5 53. Kg7 Ka5 54. Kf7 Ka4 55. Ke7 Ka5 56. Kd7 Ka6 57. Kc7 Ka5 58. Kb7 Kb5 59. Bb2 Ka5 60. Bc3+ Ka4 61. Bb4 Kb5 62. Ka7 Ka4 63. Ka6 Kb3 64. Kb5 Kc2 65. a4 Kd3 66. a5 Kd4 67. a6 Kd5 68. a7 Kd4 69. Bc3+ Kxc3 70. a8=Q Kb3 71. Qf3+ Kc2 72. Kc4 Kb2 73. Qb3+ Ka1 74. Qb4 Ka2 75. Kc3 Ka1 76. Qb1+ 1/2-1/2

[Event "XXVI. Rhein-Main-Open, Gruppe B"]
[Site "Bad Homburg vor der Höhe"]
[Date "2024.05.30"]
[Round "4"]
[White "Liu, Jonas"]
[Black "Roth, Benjamin"]
[Result "0-1"]
[WhiteElo "1632"]
[BlackElo "1630"]
[PlyCount "76"]
[EventDate "2024.??.??"]
[WhiteTeam "SV Oberursel"]
[BlackTeam "Sabt Frankfurter TV 1860"]

1. e4 c6 2. Nf3 d5 3. exd5 cxd5 4. Ne5 Nc6 5. Bb5 Bd7 6. Bxc6 Bxc6 7. d4 Bb5 8. a4 Bd7 9. O-O Nf6 10. Bf4 Bf5 11. Nd2 e6 12. c3 Be7 13. Re1 O-O 14. Re3 Nd7 15. Ndf3 Bf6 16. Qd2 Bxe5 17. Nxe5 Nxe5 18. Bxe5 Bg6 19. Rae1 Qg5 20. Qd1 Bh5 21. Qb3 Qe7 22. Rg3 Bg6 23. Qd1 Rac8 24. f4 f6 25. Qg4 fxe5 26. Rxe5 Bf5 27. Qh5 Rf6 28. Rge3 Rcf8 29. Rxd5 Qc7 30. Rde5 Bg6 31. Qe2 Rxf4 32. Rxe6 Bh5 33. Qd3 Qf7 34. h3 Rf1+ 35. Kh2 Qf4+ 36. Rg3 Bg6 37. Qc4 Bf7 38. Qc5 Bxe6 0-1

[Event "XXVI. Rhein-Main-Open, Gruppe B"]
[Site "Bad Homburg vor der Höhe"]
[Date "2024.05.30"]
[Round "4"]
[White "Nikonenko, Hlib"]
[Black "Moldenhauer, Nils"]
[Result "1-0"]
[WhiteElo "1648"]
[BlackElo "1685"]
[PlyCount "115"]
[EventDate "2024.??.??"]
[WhiteTeam "SV Oberursel"]
[BlackTeam "SV Oberursel"]

1. e4 e5 2. Nf3 Nc6 3. Bb5 a6 4. Bxc6 dxc6 5. h3 c5 6. d3 Bd6 7. Nc3 Ne7 8. Be3 O-O 9. O-O Bd7 10. Nd2 Ng6 11. Nc4 Re8 12. Nxd6 cxd6 13. f4 exf4 14. Bxf4 Nxf4 15. Rxf4 Be6 16. Qf1 d5 17. exd5 Bxd5 18. Re1 Be6 19. Qf2 b6 20. Qg3 Kf8 21. Ne4 h6 22. Ref1 Ra7 23. Qg6 Qd5 24. Qh7 Qe5 25. Nc3 Ke7 26. Re4 Qg5 27. h4 Qg6 28. Qxg6 fxg6 29. Nd5+ Kd6 30. Nxb6 Rb7 31. Nc4+ Kd7 32. b3 Bxc4 33. Rxc4 Kd6 34. Rcf4 Ree7 35. g3 Re3 36. R4f3 Ree7 37. Kg2 Re2+ 38. R1f2 Ree7 39. Rf8 Ra7 40. Rd2 Kd5 41. Rd8+ Red7 42. Rxd7+ Rxd7 43. c3 Ke5 44. Kf3 Kd5 45. d4 c4 46. Re2 Rf7+ 47. Ke3 cxb3 48. axb3 Rb7 49. c4+ Kd6 50. Rb2 Re7+ 51. Kd3 Rf7 52. Re2 Rf1 53. c5+ Kd5 54. Re5+ Kc6 55. Re6+ Kb7 56. Kc4 Rc1+ 57. Kd5 Rc3 58. Rxg6 1-0

[Event "XXVI. Rhein-Main-Open, Gruppe B"]
[Site "Bad Homburg vor der Höhe"]
[Date "2024.05.30"]
[Round "4"]
[White "Nikonenko, Tymofii"]
[Black "Gaertner, David"]
[Result "0-1"]
[WhiteElo "1230"]
[BlackElo "1637"]
[PlyCount "54"]
[EventDate "2024.??.??"]
[WhiteTeam "SV Oberursel"]
[BlackTeam "Sfr.Mainz 1928"]

1. d4 d5 2. Nf3 Nf6 3. b3 e6 4. Bb2 c5 5. Nbd2 cxd4 6. Bxd4 Ba3 7. c4 Nc6 8. e3 Nxd4 9. Nxd4 O-O 10. N2f3 Qa5+ 11. Qd2 Bb4 12. Bd3 Bxd2+ 13. Nxd2 Ne4 14. Bxe4 dxe4 15. Ne2 Rd8 16. Rd1 e5 17. Ng3 f5 18. h3 Be6 19. Ngf1 Rd7 20. Rc1 Rad8 21. Rc2 Rc7 22. Ke2 b5 23. c5 b4 24. Nc4 Bxc4+ 25. Rxc4 Rxc5 26. Nd2 Rxc4 27. Nxc4 Qxa2+ 0-1

[Event "XXVI. Rhein-Main-Open, Gruppe B"]
[Site "Bad Homburg vor der Höhe"]
[Date "2024.05.30"]
[Round "4"]
[White "Pfaff, Helmut"]
[Black "Li, Xiao Teng"]
[Result "0-1"]
[WhiteElo "1529"]
[BlackElo "1276"]
[PlyCount "68"]
[EventDate "2024.??.??"]
[WhiteTeam "Vorw.Orient Mainz"]
[BlackTeam "SK Bad Homburg 1927"]

1. c4 c5 2. Nf3 g6 3. e4 Bg7 4. d4 cxd4 5. Nxd4 Qb6 6. Nb3 d6 7. Be3 Qd8 8. Qd2 Nf6 9. f3 Nc6 10. Be2 O-O 11. O-O Be6 12. Nc3 Ne5 13. Qd4 Nfd7 14. Nd5 Nxf3+ 15. Rxf3 Bxd4 16. Bxd4 Bxd5 17. exd5 e5 18. Be3 f5 19. Bh6 Re8 20. Rc1 f4 21. c5 Nxc5 22. Nxc5 dxc5 23. Rxc5 Qb6 24. Rfc3 Qxb2 25. Bb5 Qd2 26. h3 Red8 27. Bg5 Rf8 28. Bd7 Kh8 29. Rc8 Raxc8 30. Bxc8 Qxc3 31. Be6 Qe1+ 32. Kh2 Qg3+ 33. Kh1 f3 34. Kg1 Qxg2# 0-1

[Event "XXVI. Rhein-Main-Open, Gruppe B"]
[Site "Bad Homburg vor der Höhe"]
[Date "2024.05.30"]
[Round "4"]
[White "Pichl, Johann"]
[Black "Xu, Dorothea Sicheng"]
[Result "1-0"]
[WhiteElo "1708"]
[BlackElo "1256"]
[PlyCount "101"]
[EventDate "2024.??.??"]
[WhiteTeam "SK Bad Homburg 1927"]
[BlackTeam "SK Bad Homburg 1927"]

1. d4 d5 2. Nf3 Nf6 3. c3 e6 4. Bf4 c5 5. e3 Bd6 6. Ne5 O-O 7. Nd2 Qc7 8. Ndf3 Nc6 9. Be2 Re8 10. h3 h6 11. Qc2 Bd7 12. Nxd7 Qxd7 13. Bxd6 Qxd6 14. O-O e5 15. dxe5 Nxe5 16. Rfd1 Rad8 17. b3 Qb6 18. Nxe5 Rxe5 19. Bf3 Rd6 20. Rd2 Re8 21. Rad1 Red8 22. Rd3 a6 23. R1d2 R8d7 24. a3 Qc7 25. Qd1 Qd8 26. e4 Qe7 27. exd5 Qe5 28. c4 b5 29. Qc1 Rc7 30. Re2 Qf5 31. Rde3 Rb6 32. Re8+ Nxe8 33. Rxe8+ Kh7 34. Be4 Qxe4 35. Rxe4 bxc4 36. Qxc4 a5 37. Re3 Rb8 38. d6 Rc6 39. Qe4+ Kg8 40. Qxc6 Kh7 41. d7 Rd8 42. Re8 Rxd7 43. Qxd7 Kg6 44. Rf8 Kf6 45. Qd6+ Kf5 46. Rxf7+ Ke4 47. Re7+ Kf5 48. Qe6+ Kg5 49. g3 c4 50. h4+ Kh5 51. Qf5+ 1-0

[Event "XXVI. Rhein-Main-Open, Gruppe B"]
[Site "Bad Homburg vor der Höhe"]
[Date "2024.05.30"]
[Round "4"]
[White "Ploetz, Hans Juergen"]
[Black "Iannotti, Tim"]
[Result "1/2-1/2"]
[WhiteElo "1769"]
[BlackElo "1094"]
[PlyCount "110"]
[EventDate "2024.??.??"]
[WhiteTeam "SC Bad Nauheim"]
[BlackTeam "SV Oberursel"]

1. d4 d5 2. Nf3 Nf6 3. Bf4 Bg4 4. e3 Nc6 5. Be2 e6 6. h3 Bh5 7. O-O Bd6 8. Bxd6 Qxd6 9. a3 e5 10. c4 dxc4 11. dxe5 Qxd1 12. Bxd1 Nd7 13. g4 Bg6 14. Nc3 Ndxe5 15. Nxe5 Nxe5 16. f4 Bd3 17. fxe5 Bxf1 18. Kxf1 O-O 19. Be2 Rfe8 20. Bxc4 Rxe5 21. Kf2 Rae8 22. Re1 Rd8 23. Re2 Rd6 24. e4 Rc6 25. Ba2 h5 26. Bd5 Rf6+ 27. Kg2 c6 28. Ba2 Rg6 29. Rf2 Rf6 30. Re2 Kf8 31. Bb3 b5 32. Kg3 a5 33. Ba2 b4 34. axb4 axb4 35. Na4 hxg4 36. hxg4 g5 37. Nb6 Ke7 38. Nc4 Rb5 39. Bb3 Rf1 40. Kg2 Rf4 41. Kg3 Kf6 42. e5+ Ke7 43. Ne3 Rxe5 44. Nd5+ Kd6 45. Rxe5 Rd4 46. Re3 cxd5 47. Ba4 f6 48. b3 Rd1 49. Rf3 Ke5 50. Bd7 d4 51. Bf5 Rd2 52. Rd3 Re2 53. Kf3 Rb2 54. Bg6 Rh2 55. Bf5 Rb2 1/2-1/2

[Event "XXVI. Rhein-Main-Open, Gruppe B"]
[Site "Bad Homburg vor der Höhe"]
[Date "2024.05.30"]
[Round "4"]
[White "Rotaermel, Leonie"]
[Black "Kesavan, Sarvesh"]
[Result "1-0"]
[WhiteElo "1674"]
[BlackElo "1670"]
[PlyCount "161"]
[EventDate "2024.??.??"]
[WhiteTeam "SK Bad Homburg 1927"]
[BlackTeam "SK Bad Homburg 1927"]

1. e4 c5 2. Nf3 e6 3. d4 cxd4 4. Nxd4 Nc6 5. Nc3 a6 6. a3 Qc7 7. Be2 Be7 8. Be3 b5 9. O-O Bb7 10. Nb3 d6 11. f4 Nf6 12. Bf3 Nd7 13. Qe1 Rc8 14. Ne2 h5 15. c3 Bf6 16. Qf2 Na5 17. Nxa5 Qxa5 18. Rad1 Qc7 19. Ng3 h4 20. Ne2 Nc5 21. Bxc5 Qxc5 22. Qxc5 dxc5 23. e5 Bxf3 24. Rxf3 Be7 25. Rfd3 Rd8 26. Rxd8+ Bxd8 27. Rd6 a5 28. Rc6 b4 29. Kf1 bxa3 30. bxa3 O-O 31. Rxc5 Bb6 32. Rb5 Rb8 33. c4 Ba7 34. Rxb8+ Bxb8 35. Nd4 Ba7 36. Nc6 Bb6 37. a4 Kf8 38. c5 Bxc5 39. Nxa5 Ke8 40. Ke2 Kd7 41. Kf3 h3 42. gxh3 Bg1 43. Kg3 Kc7 44. h4 Kb6 45. Nc4+ Kc6 46. Nd6 f6 47. exf6 gxf6 48. Ne4 e5 49. Nxf6 exf4+ 50. Kxf4 Bxh2+ 51. Kg5 Bg1 52. Ne4 Be3+ 53. Kg6 Kb6 54. h5 Ka5 55. Ng5 Kxa4 56. h6 Bd4 57. Nf7 Be3 58. Ng5 Bd4 59. Kf7 Kb5 60. Kg8 Kc6 61. Ne6 Bf6 62. Ng7 Kd7 63. h7 Ke7 64. h8=Q Bxg7 65. Qxg7+ Kd6 66. Kf8 Ke6 67. Qf7+ Ke5 68. Ke7 Kd4 69. Qe6 Kc5 70. Qd7 Kc4 71. Qd6 Kb5 72. Qc7 Kb4 73. Qc6 Kb3 74. Qc5 Kb2 75. Qc4 Ka1 76. Qb4 Ka2 77. Kd6 Ka1 78. Kc5 Ka2 79. Kc4 Ka1 80. Kc3 Ka2 81. Qb2# 1-0

[Event "XXVI. Rhein-Main-Open, Gruppe B"]
[Site "Bad Homburg vor der Höhe"]
[Date "2024.05.30"]
[Round "4"]
[White "Schleicher, Nicolai"]
[Black "Benz, Juergen"]
[Result "1-0"]
[WhiteElo "1273"]
[BlackElo "1666"]
[PlyCount "97"]
[EventDate "2024.??.??"]
[WhiteTeam "SV Frankfurt Nord 1926"]
[BlackTeam "SK Bad Homburg 1927"]

1. e4 c5 2. c3 d6 3. d4 cxd4 4. cxd4 Nf6 5. Nc3 a6 6. Nf3 Nc6 7. d5 Nb8 8. h3 e6 9. Be3 Be7 10. Rc1 Nbd7 11. g3 Nc5 12. Qc2 O-O 13. Bg2 h6 14. O-O b5 15. Rfd1 Bb7 16. dxe6 Ncxe4 17. exf7+ Rxf7 18. Nd4 Rc8 19. Qb3 Qd7 20. Nf3 Re8 21. Ne5 Bd5 22. Qxd5 Nxd5 23. Nxd7 Nxe3 24. fxe3 Nxg3 25. Bd5 b4 26. Bxf7+ Kxf7 27. Nd5 Ne2+ 28. Kg2 Nxc1 29. Rxc1 Ke6 30. Nxe7 Rxe7 31. Nb6 d5 32. Rc6+ Ke5 33. Na4 a5 34. Ra6 Rf7 35. Rxa5 Ke4 36. Nb6 Rf5 37. Rb5 Kxe3 38. Nxd5+ Kd4 39. Nc7 Rf7 40. Rxb4+ Kc5 41. Na6+ Kc6 42. Rb3 Ra7 43. Nb4+ Kc5 44. a3 Re7 45. Kf2 Rd7 46. Kg3 Rd2 47. Kg4 g6 48. Rg3 Rxb2 49. Nd3+ 1-0

[Event "XXVI. Rhein-Main-Open, Gruppe B"]
[Site "Bad Homburg vor der Höhe"]
[Date "2024.05.30"]
[Round "4"]
[White "Schloemer, Andreas"]
[Black "Pham Tran, Phuong Bao"]
[Result "0-1"]
[WhiteElo "1766"]
[BlackElo "1887"]
[PlyCount "112"]
[EventDate "2024.??.??"]
[WhiteTeam "SK Upland Willingen"]
[BlackTeam "Sabt Frankfurter TV 1860"]

1. c4 e5 2. g3 Nf6 3. Bg2 d5 4. cxd5 Nxd5 5. Nf3 Nc6 6. d3 Be7 7. O-O O-O 8. a3 Bf6 9. Qc2 Nd4 10. Nxd4 exd4 11. Nd2 g6 12. Nf3 c6 13. Bd2 Re8 14. Rfe1 Be6 15. Qc1 Nc7 16. Bg5 Bxg5 17. Qxg5 Qxg5 18. Nxg5 Bd5 19. Ne4 Bxe4 20. Bxe4 Re5 21. Rac1 Rb5 22. b4 f5 23. Bf3 a5 24. Rc4 axb4 25. axb4 Ne6 26. h4 Ra4 27. Rb1 Kf7 28. e3 dxe3 29. fxe3 Ra3 30. Be2 Nc7 31. Kf2 Nd5 32. e4 Nc3 33. Rb2 fxe4 34. dxe4 Nxe2 35. Rxe2 Rb3 36. e5 R3xb4 37. Rc3 Ke6 38. Kf3 Rxe5 39. Rxe5+ Kxe5 40. Rc5+ Kd6 41. Rg5 Rb5 42. Rg4 Rd5 43. Re4 Rf5+ 44. Kg2 Kd5 45. Re7 b5 46. Rxh7 b4 47. g4 Rf8 48. h5 gxh5 49. gxh5 Rb8 50. Rd7+ Kc4 51. h6 b3 52. h7 b2 53. Rb7 Rxb7 54. h8=Q b1=Q 55. Qh4+ Kb5 56. Qg5+ Ka6 0-1

[Event "XXVI. Rhein-Main-Open, Gruppe B"]
[Site "Bad Homburg vor der Höhe"]
[Date "2024.05.30"]
[Round "4"]
[White "Schneider, Felix"]
[Black "Smid, Marcel"]
[Result "0-1"]
[WhiteElo "1622"]
[BlackElo "1651"]
[PlyCount "56"]
[EventDate "2024.??.??"]
[WhiteTeam "SK Bad Homburg 1927"]

1. Nf3 d5 2. g3 c5 3. Bg2 Nc6 4. d4 e6 5. O-O Nf6 6. c4 cxd4 7. Nxd4 Bc5 8. Nxc6 bxc6 9. Qc2 Be7 10. Nc3 O-O 11. Rd1 Qb6 12. Be3 Qc7 13. Rac1 Ng4 14. Qd3 Ne5 15. Bf4 Nxd3 16. Bxc7 Nxc1 17. Rxc1 Ba6 18. cxd5 cxd5 19. e3 Rac8 20. Be5 Bf6 21. Bxf6 gxf6 22. Rd1 Rb8 23. Na4 Rfc8 24. e4 dxe4 25. Bxe4 Rc4 26. Nc3 Rxb2 27. Bd3 Rxc3 28. Bxa6 Rcc2 0-1

[Event "XXVI. Rhein-Main-Open, Gruppe B"]
[Site "Bad Homburg vor der Höhe"]
[Date "2024.05.30"]
[Round "4"]
[White "Senft, Stefanie"]
[Black "Friedel, Thomas"]
[Result "0-1"]
[WhiteElo "790"]
[BlackElo "1674"]
[PlyCount "90"]
[EventDate "2024.??.??"]
[WhiteTeam "SF Bremer Osten Bgh. Mahndorf"]
[BlackTeam "SV 1946 Groß-Gerau"]

1. d4 d5 2. Nf3 Nf6 3. e3 Nc6 4. Bd3 Bg4 5. Nbd2 e6 6. O-O Bd6 7. h3 Bh5 8. c3 O-O 9. Re1 e5 10. Be2 e4 11. Ne5 Bxe2 12. Qxe2 Bxe5 13. dxe5 Nxe5 14. b3 Nd3 15. Rf1 c6 16. Ba3 Re8 17. Rad1 Re5 18. h4 Rh5 19. g3 Qd7 20. f3 Qh3 21. Bd6 g5 22. fxe4 Ng4 23. Rf3 Nde5 24. Bxe5 Nxe5 25. Rf5 Qxg3+ 26. Kf1 Rxh4 27. Qg2 Qxg2+ 28. Kxg2 f6 29. Nf1 Rxe4 30. Rxf6 Ng4 31. Rf3 Rae8 32. Rd3 Ne5 33. Rd4 Nxf3 34. Kxf3 Rf8+ 35. Ke2 Rxd4 36. cxd4 h5 37. Nh2 g4 38. b4 Kg7 39. b5 Kg6 40. a4 cxb5 41. axb5 a5 42. bxa6 bxa6 43. Kd3 a5 44. e4 dxe4+ 45. Kxe4 a4 0-1

[Event "XXVI. Rhein-Main-Open, Gruppe B"]
[Site "Bad Homburg vor der Höhe"]
[Date "2024.05.30"]
[Round "4"]
[White "Stojanoski, Stefan"]
[Black "Rausch, Pius"]
[Result "1/2-1/2"]
[WhiteElo "1638"]
[BlackElo "1153"]
[PlyCount "80"]
[EventDate "2024.??.??"]
[WhiteTeam "SAbt TuS Makkabi Ffm"]
[BlackTeam "SK Stadtallendorf"]

1. e4 c6 2. d4 d5 3. Nc3 dxe4 4. Nxe4 Nf6 5. Nxf6+ exf6 6. Nf3 Bd6 7. Bc4 O-O 8. O-O Bg4 9. h3 Bh5 10. Qd3 Nd7 11. Re1 Qc7 12. Bd2 Rae8 13. Rxe8 Rxe8 14. Bb3 Bf4 15. Bxf4 Qxf4 16. Qc4 Nb6 17. Qd3 Bxf3 18. Qxf3 Qxd4 19. c3 Qd2 20. Rd1 Re1+ 21. Rxe1 Qxe1+ 22. Kh2 Qe5+ 23. Kg1 Qe1+ 24. Kh2 Qe5+ 25. Kg1 g6 26. g3 Kg7 27. Kg2 f5 28. Qd1 Qe4+ 29. Kh2 Qe7 30. Qd4+ Qf6 31. Qf4 Qd8 32. Qe5+ f6 33. Qa5 a6 34. c4 Qc7 35. Kg2 Nd5 36. Qc5 Ne7 37. Qe3 Qe5 38. Qa7 Qe4+ 39. Kg1 Qe1+ 40. Kg2 Qb4 1/2-1/2

[Event "XXVI. Rhein-Main-Open, Gruppe B"]
[Site "Bad Homburg vor der Höhe"]
[Date "2024.05.30"]
[Round "4"]
[White "Wesener, Joachim"]
[Black "Graf, Michael"]
[Result "1-0"]
[WhiteElo "1699"]
[BlackElo "1775"]
[PlyCount "129"]
[EventDate "2024.??.??"]
[WhiteTeam "SC Hilchenbach"]
[BlackTeam "Schachunion Schorndorf e.V."]

1. g3 c5 2. Nf3 b6 3. Bg2 Bb7 4. O-O e6 5. c4 Qc7 6. Nc3 a6 7. d3 d6 8. e4 Nd7 9. Be3 Ngf6 10. Nh4 Be7 11. f4 O-O 12. Qe2 Rfe8 13. Rac1 Rac8 14. Nf3 Qb8 15. Bh3 Bd8 16. Bf2 Bc7 17. Rfd1 Ba8 18. Nh4 b5 19. b3 Qb7 20. Bg2 Qb8 21. g4 g6 22. Bf3 d5 23. e5 Nxe5 24. fxe5 Bxe5 25. h3 b4 26. Na4 Nd7 27. Kf1 Bf6 28. Kg1 Qf4 29. Ng2 Qd6 30. Ne3 Qf4 31. Ng2 Qd6 32. Ne3 Qf4 33. Bg2 Be5 34. Nf1 Bd6 35. Bg3 Qd4+ 36. Bf2 Qf6 37. d4 cxd4 38. Bxd4 e5 39. Bf2 d4 40. Bxa8 Rxa8 41. c5 Bc7 42. c6 Nf8 43. Ng3 Ne6 44. Ne4 Qe7 45. Qf3 Nf4 46. g5 Kg7 47. Nac5 Red8 48. Nf6 Rd6 49. Nce4 d3 50. Kh2 d2 51. Rc2 Rd3 52. Qg4 Rxh3+ 53. Kg1 Rd3 54. Rcxd2 Rxd2 55. Rxd2 Rd8 56. Rxd8 Qxd8 57. Qd7 Nh3+ 58. Qxh3 Qd1+ 59. Kh2 Qc1 60. Ne8+ Kf8 61. Nxc7 Qxc6 62. Bc5+ Kg7 63. Bd6 Kh8 64. Bxe5+ Kg8 65. Nf6+ 1-0

[Event "XXVI. Rhein-Main-Open, Gruppe B"]
[Site "Bad Homburg vor der Höhe"]
[Date "2024.05.30"]
[Round "4"]
[White "Winter, Thomas"]
[Black "Henn, Jochen"]
[Result "1/2-1/2"]
[WhiteElo "1624"]
[BlackElo "1671"]
[PlyCount "109"]
[EventDate "2024.??.??"]
[WhiteTeam "SV Oberursel"]
[BlackTeam "SC Bad Nauheim"]

1. e4 e5 2. Nf3 Nc6 3. Bb5 d6 4. d4 exd4 5. Bxc6+ bxc6 6. Nxd4 c5 7. Nf3 Nf6 8. Nc3 Be7 9. O-O O-O 10. h3 Bb7 11. Re1 Re8 12. Bg5 h6 13. Bh4 Nd7 14. Bxe7 Rxe7 15. Re3 f6 16. Nd5 Re8 17. c4 Ne5 18. Qe2 Rb8 19. b3 Ng6 20. Rd1 Qd7 21. Nh2 Ne5 22. f4 Ng6 23. Ng4 Bxd5 24. cxd5 Nxf4 25. Qf3 Ng6 26. Qg3 Kh7 27. Ree1 Ne5 28. Ne3 Ra8 29. Nf5 a5 30. a4 c4 31. Rd2 cxb3 32. Qxb3 Rab8 33. Qg3 Rb4 34. Ra2 Ng6 35. Qd3 Rxa4 36. Rc2 Rb4 37. Nd4 Qa4 38. Ne6 Ne5 39. Qg3 Re7 40. Rxc7 Rxc7 41. Nxc7 Rxe4 42. Rc1 Rc4 43. Rxc4 Qxc4 44. Ne6 Ng6 45. Qxd6 Qc8 46. Qb6 Nf8 47. Nxf8+ Qxf8 48. Qxa5 Kg6 49. Qd2 Qd6 50. Qd3+ Kf7 51. Qe4 Qe5 52. Qc4 Ke7 53. Qb4+ Qd6 54. Qe4+ Kf7 55. Kf2 1/2-1/2

[Event "XXVI. Rhein-Main-Open, Gruppe B"]
[Site "Bad Homburg vor der Höhe"]
[Date "2024.05.30"]
[Round "4"]
[White "Wolf, Aurelia"]
[Black "Pishnograev, Ilya"]
[Result "1/2-1/2"]
[WhiteElo "1498"]
[BlackElo "1697"]
[PlyCount "47"]
[EventDate "2024.??.??"]
[WhiteTeam "SK Bad Homburg 1927"]
[BlackTeam "SK Bad Homburg 1927"]

1. e4 e5 2. Nf3 Nc6 3. Bc4 Bc5 4. c3 Qe7 5. O-O Nf6 6. d4 Bb6 7. d5 Nd8 8. Bg5 d6 9. h3 O-O 10. Nbd2 h6 11. Bh4 Kh8 12. Qe2 Rg8 13. Rfe1 g5 14. Bg3 Nh5 15. Bh2 g4 16. hxg4 Bxg4 17. Rac1 Bh3 18. g3 Nf4 19. Qd1 Ng2 20. Re2 Nf4 21. Re1 Ng2 22. Re2 Nf4 23. Re1 Ng2 24. Re2 1/2-1/2

[Event "XXVI. Rhein-Main-Open, Gruppe B"]
[Site "Bad Homburg vor der Höhe"]
[Date "2024.05.30"]
[Round "4"]
[White "Zerhusen, Martin"]
[Black "Obst, Dietmar"]
[Result "1/2-1/2"]
[WhiteElo "1805"]
[BlackElo "1618"]
[PlyCount "175"]
[EventDate "2024.??.??"]
[WhiteTeam "SV Rüsselsheim 1929"]
[BlackTeam "SC Bad Nauheim"]

1. d4 d5 2. c4 e6 3. Nf3 Nf6 4. Nc3 Be7 5. Bg5 Nbd7 6. e3 O-O 7. Bd3 h6 8. Bh4 c5 9. O-O b6 10. Rc1 Bb7 11. cxd5 Nxd5 12. Bxe7 Nxe7 13. Be2 a6 14. Qd2 cxd4 15. Qxd4 Nf5 16. Qf4 Rc8 17. Rfd1 Qc7 18. Qxc7 Rxc7 19. Rd2 Rfc8 20. Rcd1 Bxf3 21. Bxf3 Ne5 22. Be2 b5 23. e4 Ne7 24. a3 N7g6 25. Rd6 Rc6 26. g3 Rxd6 27. Rxd6 Rc6 28. Rd8+ Nf8 29. f4 Ned7 30. Kf2 g6 31. Ke3 Kg7 32. e5 Nc5 33. Bf3 Rc7 34. Ne4 Nfd7 35. Rb8 Ra7 36. Nxc5 Nxc5 37. Rb6 Kf8 38. Rb8+ Ke7 39. Kd4 Kd7 40. Kc3 Ke7 41. b4 Na4+ 42. Kb3 Rc7 43. Rb7 Kd8 44. Rxc7 Kxc7 45. Be4 Nb6 46. Kc3 Nc4 47. a4 Ne3 48. axb5 axb5 49. Bd3 Kb6 50. h3 h5 51. Be2 Nd5+ 52. Kb3 h4 53. gxh4 Nxf4 54. Bg4 Nd3 55. h5 gxh5 56. Bxh5 Nxe5 57. Kc3 Kc6 58. Kd4 Kd6 59. Be2 Nc6+ 60. Ke4 Nxb4 61. h4 Ke7 62. Kf4 f6 63. Bxb5 Kf7 64. h5 Nd5+ 65. Kg4 Ne3+ 66. Kf4 Nf5 67. Kg4 Nh6+ 68. Kf4 Kg7 69. Be8 Nf7 70. Kg4 Kf8 71. Bb5 Nh6+ 72. Kf4 Ke7 73. Bd3 f5 74. Kg5 Nf7+ 75. Kf4 Kf6 76. Be2 e5+ 77. Kg3 Kg5 78. Bf3 e4 79. Be2 f4+ 80. Kg2 Ne5 81. Bd1 f3+ 82. Kg3 Kf5 83. h6 Kg6 84. Kf4 f2 85. Be2 Nd3+ 86. Kxe4 Nb2 87. Kf3 Nd1 88. Kg2 1/2-1/2

[Event "XXVI. Rhein-Main-Open, Gruppe B"]
[Site "Bad Homburg vor der Höhe"]
[Date "2024.05.30"]
[Round "4"]
[White "Ahrends, Norbert"]
[Black "Bigott, Martin"]
[Result "1-0"]
[WhiteElo "1944"]
[BlackElo "1885"]
[PlyCount "77"]
[EventDate "2024.??.??"]
[WhiteTeam "SK 1980 Gernsheim"]
[BlackTeam "SK Köln-Südwest"]

1. d4 d5 2. c4 Nf6 3. Nc3 c6 4. Nf3 dxc4 5. a4 Bf5 6. e3 e6 7. Bxc4 Bb4 8. O-O O-O 9. Qb3 a5 10. Na2 Bd6 11. h3 Nbd7 12. Bd3 Bxd3 13. Qxd3 e5 14. Nc3 exd4 15. Nxd4 Ne5 16. Qc2 Re8 17. Nf5 Bf8 18. Rd1 Qb6 19. b3 g6 20. Ng3 Ned7 21. Nge4 Bg7 22. Rb1 Nc5 23. Nd6 Red8 24. Ba3 Na6 25. Nc4 Qc7 26. Bd6 Rxd6 27. Nxd6 Nb4 28. Qe2 Nbd5 29. Nxd5 Nxd5 30. Ne4 f5 31. Qc4 Qf7 32. Ng5 Qf6 33. Nf3 h6 34. Nd4 Kh7 35. Ne2 Re8 36. Rbc1 Re4 37. Rd4 Re5 38. Nf4 Rxe3 39. Nxd5 1-0

[Event "XXVI. Rhein-Main-Open, Gruppe B"]
[Site "Bad Homburg vor der Höhe"]
[Date "2024.05.30"]
[Round "4"]
[White "Meyer Jany, Marcel"]
[Black "Fernandez Egea, Andres"]
[Result "1-0"]
[WhiteElo "1785"]
[BlackElo "1892"]
[Annotator "thoma"]
[PlyCount "31"]
[EventDate "2024.??.??"]
[WhiteTeam "SK Herborn 1946"]
[BlackTeam "SF Frankfurt 1921"]

1. d4 Nf6 2. c4 e6 3. Nc3 Bb4 4. Qc2 O-O 5. a3 Bxc3+ 6. Qxc3 b6 7. Bg5 Ba6 8. e3 d6 9. Bd3 Nbd7 10. Nf3 e5 11. d5 e4 12. Bxe4 Nxe4 13. Bxd8 Nxc3 14. Bxc7 Ne4 15. Nd2 Nxd2 16. Kxd2 {Handy} 1-0

[Event "XXVI. Rhein-Main-Open, Gruppe B"]
[Site "Bad Homburg vor der Höhe"]
[Date "2024.05.30"]
[Round "4"]
[White "Gold, Jan Christian"]
[Black "Bezsonna, Polina"]
[Result "1/2-1/2"]
[WhiteElo "1969"]
[BlackElo "1788"]
[PlyCount "33"]
[EventDate "2024.??.??"]
[WhiteTeam "SK Bad Homburg 1927"]
[BlackTeam "SK Bad Homburg 1927"]

1. d4 d5 2. c4 e5 3. dxe5 d4 4. Nf3 Nc6 5. a3 Nge7 6. b4 Ng6 7. Bb2 Ncxe5 8. Nxe5 Nxe5 9. Qxd4 Qxd4 10. Bxd4 Nxc4 11. e3 Nd6 12. b5 Be6 13. Nd2 Bd5 14. f3 Nf5 15. Bb2 Nxe3 16. Kf2 Nf5 17. Re1+ 1/2-1/2

[Event "XXVI. Rhein-Main-Open, Gruppe B"]
[Site "Bad Homburg vor der Höhe"]
[Date "2024.05.30"]
[Round "4"]
[White "Schneider, Wolfram"]
[Black "Sasikumar Anitha, Sarvesh"]
[Result "0-1"]
[WhiteElo "1914"]
[BlackElo "1704"]
[PlyCount "64"]
[EventDate "2024.??.??"]
[WhiteTeam "SK Marburg 1931/72"]
[BlackTeam "SK 1858 Gießen"]

1. d4 d5 2. c4 e6 3. Nc3 Nf6 4. Bg5 Be7 5. Nf3 O-O 6. e3 b6 7. Bd3 dxc4 8. Bxc4 Bb7 9. O-O Nbd7 10. Qe2 Nd5 11. Bxe7 Qxe7 12. Rac1 c5 13. Rfd1 Rfd8 14. Nxd5 exd5 15. Ba6 Bxa6 16. Qxa6 Nf6 17. b3 Rac8 18. dxc5 Rxc5 19. Nd4 Qc7 20. Rxc5 bxc5 21. Nf5 Qe5 22. Qd3 Ne4 23. Ng3 f5 24. Ne2 Qb2 25. f3 Nf6 26. Nc3 Kh8 27. Rd2 Qa3 28. Kf2 Qb4 29. Ne2 Qb8 30. Ng3 f4 31. exf4 Qxf4 32. Qe3 Ng4+ 0-1